Introduction to Nanomaterials and Nanoscience (Record no. 60221)
[ view plain ]
| 000 -LEADER | |
|---|---|
| fixed length control field | 00567nam a22002177a 4500 |
| 005 - DATE & TIME | |
| control field | 20260204125727.0 |
| 008 - FIXED-LENGTH DATA ELEMENTS--GENERAL INFORMATION | |
| fixed length control field | 260204b |||||||| |||| 00| 0 eng d |
| 020 ## - ISBN | |
| International Standard Book Number | 9789354667435 |
| Price | 495.00 |
| 040 ## - CATALOGING SOURCE | |
| Original cataloging agency | Doon University |
| 041 ## - Language | |
| Language | English |
| 082 ## - DDC NUMBER | |
| Classification number | 620.5 |
| Book Number | DAS |
| 100 ## - MAIN ENTRY--PERSONAL NAME | |
| Personal name | Das, Asim K. |
| 245 ## - TITLE STATEMENT | |
| Title | Introduction to Nanomaterials and Nanoscience |
| 260 ## - PUBLICATION, DISTRIBUTION, ETC. (IMPRINT) | |
| Place of publication, distribution, etc | New Delhi |
| Name of publisher, distributor, etc | CBS |
| Date of publication, distribution, etc | 2025 |
| 300 ## - PHYSICAL DESCRIPTION | |
| Pages | 384 |
| 650 ## - Subject | |
| Subject | Environment Science |
| 700 ## - Added Entry Personal Name | |
| Added Entry Personal Name | Das, Mahua |
| 700 ## - Added Entry Personal Name | |
| Added Entry Personal Name | Das, Ankita |
| 700 ## - Added Entry Personal Name | |
| Added Entry Personal Name | Das, udita |
| 942 ## - ADDED ENTRY ELEMENTS (KOHA) | |
| Koha item type | Books |
| 100 ## - MAIN ENTRY--PERSONAL NAME | |
| -- | 26178 |
| 650 ## - Subject | |
| -- | 310 |
| 700 ## - Added Entry Personal Name | |
| -- | 26179 |
| 700 ## - Added Entry Personal Name | |
| -- | 26180 |
| 700 ## - Added Entry Personal Name | |
| -- | 26181 |
| 952 ## - LOCATION AND ITEM INFORMATION (KOHA) | |
| -- | 2026-02-04 |
| 952 ## - LOCATION AND ITEM INFORMATION (KOHA) | |
| -- | 2026-02-04 |
| 952 ## - LOCATION AND ITEM INFORMATION (KOHA) | |
| -- | 2026-02-04 |
| Withdrawn status | Lost status | Source of classification or shelving scheme | Damaged status | Not for loan | Location (home branch) | Sublocation or collection (holding branch) | Date acquired | Koha issues (times borrowed) | Koha full call number | Accession No. | Koha date last seen | Koha item type |
|---|---|---|---|---|---|---|---|---|---|---|---|---|
| Doon University | Doon University | 04.02.2026 | 620.5 DAS | 52070 | 04.02.2026 | Books | ||||||
| Doon University | Doon University | 04.02.2026 | 620.5 DAS | 52071 | 04.02.2026 | Books | ||||||
| Doon University | Doon University | 04.02.2026 | 620.5 DAS | 52072 | 04.02.2026 | Books |